000
00186 a2200097 4500
020
_a
070918003998
041
_a
spa
100
_a
Claire Masurel
245
_a
That Bad, Bad cat
942
_c
BK
999
_c
6457
_d
6457